| 000 | 01974nam a2200301 4500 | ||
|---|---|---|---|
| 001 | 114135 | ||
| 003 | DR-UNIBE | ||
| 005 | 20251003095246.0 | ||
| 008 | 251003b2016 dr ||||| |||| 00| 1 spa d | ||
| 020 | _a9789945415957 | ||
| 040 |
_aBIBLIOTECA UNIBE _bspa _cBIBLIOTECA UNIBE _erda |
||
| 041 | _aspa | ||
| 090 | _aFBIU-PUCMM CI L961 | ||
| 245 | 1 | 3 |
_aDe lunas mágicas y otros cuentos : _bcuentos e ilustraciones de niños y niñas dominicanos / _cpresentación: Carlos Amarante Baret ; prólogo: Rafaela Carrasco ; dirección ejecutiva: Dulce Rodríguez ; administración general: Raquel De Castro ; cuidado de edición: Rafaela Carrasco ; cuidado de las ilustraciones : Fernando Cabrera ; arte, diseño, diagramación y edición: Svethania Gómez, Fernando Cabrera |
| 250 | _aPrimera edición | ||
| 260 |
_aSantiago de los Caballeros : _bPontificia Universidad Católica Madre y Maestra (PUCMM) : _bMinisterio de Educación (MINERD), _c2016 |
||
| 300 |
_a283 páginas : _bilustraciones ; _c26 x 18 cm |
||
| 500 | _aIncluye fotos de los niños escritores de primero a cuarto nivel de la zona norte, ganadores del tercer concurso de cuentos del Programa Política de Apoyo a los Aprendizajes en los Primeros Grados del Nivel Básico en Lectura, Escritura y Matemática. En la contraportada interna se lee los nombres de los jurados, capacitadores y coordinadores por áreas | ||
| 653 | 7 | _aCuentos infantiles dominicanos | |
| 653 | 7 | _aLiteratura infantil dominicana | |
| 700 | 1 | 0 |
_aAmarante Baret, Carlos _995492 _epresentación |
| 700 | 1 | 0 |
_aCarrasco, Rafaela _9196964 _eprologuista _ecuidado de la edición |
| 700 | 1 | 0 |
_aRodríguez, Dulce _9199529 _edirector ejecutivo |
| 700 | 1 | 0 |
_aDe Castro, Raquel _9199541 _eadministrador general |
| 700 | 1 | 0 |
_aCabrera, Fernando _95482 _ecuidado de las ilustraciones _earte _ediseñador _ediagramador _ecuidado de la edición |
| 700 | 1 | 0 |
_aGómez, Ana Svethania _9181117 _earte _ediseñador _ecuidado de la edición |
| 942 |
_2ddc _cBK |
||
| 999 |
_c114135 _d114135 |
||